The practical U.S. resource guide to the European Union (Record no. 65248)

MARC details
000 -LEADER
fixed length control field 00853nam a2200229Ia 4500
008 - FIXED-LENGTH DATA ELEMENTS--GENERAL INFORMATION
fixed length control field 191130s1998##################000#0#eng##
020 ## - INTERNATIONAL STANDARD BOOK NUMBER
ISBN 9780452289574
082 ## - DEWEY DECIMAL CLASSIFICATION NUMBER
Classification number 337.7304 FOU
100 ## - MAIN ENTRY--AUTHOR NAME
Personal name Fouloy, Christian de
245 ## - TITLE STATEMENT
Title The practical U.S. resource guide to the European Union
Statement of responsibility, etc Christian D. de Fouloy
260 ## - PUBLICATION, DISTRIBUTION, ETC. (IMPRINT)
Place of publication Alphen aan den Rijn, The Netherlands ; Frederick, MD
Name of publisher Kluwer Law International
Year of publication 1998
300 ## - PHYSICAL DESCRIPTION
Number of Pages 280 p. ; 23 cm
500 ## - GENERAL NOTE
General note Includes index
650 ## - SUBJECT ADDED ENTRY--TOPICAL TERM
Topical Term European Union - Directories
Topical Term European Union countries - Foreign economic relations - United States - Directories
Topical Term United States - Foreign economic relations - European Union countries - Directories
991 ## -
-- 158561
Holdings
Withdrawn status Lost status Damaged status Not for loan Home library Current library Shelving location Date acquired Full call number Accession Number Price effective from Koha item type
        Anna Centenary Library Anna Centenary Library 4TH FLOOR, A WING 09.10.2020 337.7304 FOU 441341 09.10.2020 English Books

Find us on the map